000 00702nam a2200241Ia 4500
003 OSt
005 20221005133539.0
006 a|||||r|||| 00| 0
007 ta
008 221004b |||||||| |||| 00| 0 hin d
024 _a1874
037 _cTextual
040 _aCRL
_cCRL
_bhin
041 _2hin
_ahin
082 _aO152:gxN, P7
100 _aपारिख, जवरीमल
245 0 _aआधुनिक हिन्दी साहित्य
246 _aĀdhunik hindī sāhitya
260 _c2007
650 _aहिन्दी साहित्य
942 _hO152:gxN, P7
_cTEXL
_2cc
999 _c1067170
_d1067170